Metody a prostředky ASŘTP

Gespeichert in:
Bibliographische Detailangaben
1. Verfasser: Volf, Miroslav (Verfasst von)
Format: Buch
Sprache:Tschechisch
Veröffentlicht: Brno : Vysoké učení technické v Brně, 1985
Tags: Tag hinzufügen
Keine Tags, Fügen Sie das erste Tag hinzu!

MARC

LEADER 00000nam a22000003a 4500
001 stu89091
005 20150617225627.1
008 040720s1985----cs------------------cze-d
040 |a STU  |b slo 
041 0 |a cze 
044 |a cs 
080 |a 004  |7 stu_us_auth*stu9200 
100 1 |a Volf, Miroslav  |4 aut 
245 1 |a Metody a prostředky ASŘTP 
260 |a Brno :  |b Vysoké učení technické v Brně,  |c 1985 
300 |a 138 s.;obr 
996 |b 284V029504  |c V*25469/S-87  |l VVT  |s A  |a 24  |w stu89091_0001